000 00468nam a2200181Ia 4500
001 18592
005 20260306171642.0
008 260306s9999||||xx |||||||||||||| ||und||
041 _aESP
082 _a658.4092
_bC75
100 _aCollins, James C.
_eAUT
245 0 _aEmpresas que perduran:
_bprincipios exitosos de compañias triunfadoras
260 _c1995
300 _a385 páginas :
_c23 cm.
650 _aGEN
654 _aCAN
942 _cLIB
_dJUS
_fJUS
_2ddc
_n
999 _c18592
_d18592